| 000 | 00550cam a2200205 a 4500 | ||
|---|---|---|---|
| 001 | 82614 | ||
| 003 | BD-RjUL | ||
| 005 | 20240115125548.0 | ||
| 008 | 810625s1957 enk 00011 eng d | ||
| 035 | _a(BD-RjUL) 82614 | ||
| 040 |
_aANL _beng _dANL _cBD-RjUL |
||
| 041 | _aeng | ||
| 042 | _aanuc | ||
| 082 | 0 |
_a823 _219 _bLlIL 1957 |
|
| 100 | 1 |
_aLindsay, Jack, _d1900-1990 _910835 |
|
| 245 | 1 | 2 |
_aA local habitation : _ba novel of the British way / _cby Jack Lindsay. |
| 260 |
_aLondon : _bBodley Head, _c1957. |
||
| 300 | _a304 p. | ||
| 942 |
_2ddc _cBK |
||
| 999 |
_c82614 _d82614 |
||